LEADER 02568oam 2200685 450 001 9910705654403321 005 20170519114454.0 035 $a(CKB)5470000002451853 035 $a(OCoLC)891574823 035 $a(OCoLC)995470000002451853 035 $a(EXLCZ)995470000002451853 100 $a20140929d1966 ua 0 101 0 $aeng 135 $aurmn||||||||| 181 $ctxt$2rdacontent 182 $cc$2rdamedia 183 $acr$2rdacarrier 200 10$aLow-flow characteristics of streams in the Mississippi embayment in southern Arkansas, northern Louisiana, and northeastern Texas /$fby Paul R. Speer, Marion S. Hines, A. J. Calandro, and others; Includes a section on quality of the water, by H. G. Jeffery 210 1$aWashington :$cU.S. Department of the Interior, Geological Survey,$d1966. 215 $a1 online resource (iii, G40 pages) $cillustrations, maps +$e2 plates 225 1 $aGeological Survey professional paper ;$v448-G 300 $aTitle from title screen (viewed September 24, 2014). 300 $a"Water resources of the Mississippi embayment." 300 $a"The magnitude, duration, frequency of recurrence, and chemical composition of low flows." 320 $aIncludes bibliographical references (pages G39-G40) 606 $aRivers$zArkansas$xAnalysis 606 $aRivers$zLouisiana$xAnalysis 606 $aRivers$zTexas$xAnalysis 606 $aWater quality$zArkansas 606 $aWater quality$zLouisiana 606 $aWater quality$zTexas 606 $aRivers$2fast 606 $aWater quality$2fast 607 $aMississippi Embayment 607 $aArkansas$2fast 607 $aLouisiana$2fast 607 $aTexas$2fast 607 $aUnited States$zMississippi Embayment$2fast 615 0$aRivers$xAnalysis. 615 0$aRivers$xAnalysis. 615 0$aRivers$xAnalysis. 615 0$aWater quality 615 0$aWater quality 615 0$aWater quality 615 7$aRivers. 615 7$aWater quality. 700 $aSpeer$b Paul R.$01407079 702 $aCalandro$b Anthony J.$f1921- 702 $aHines$b Marion S$g(Marion Spencer),$f1921- 702 $aJeffery$b H. G$g(Horace G.),$f1926- 712 02$aGeological Survey (U.S.), 801 0$bCOP 801 1$bCOP 801 2$bOCLCO 801 2$bOCLCF 801 2$bGPO 906 $aBOOK 912 $a9910705654403321 996 $aLow-flow characteristics of streams in the Mississippi embayment in southern Arkansas, northern Louisiana, and northeastern Texas$93504876 997 $aUNINA LEADER 01178nam a22002651i 4500 001 991001401649707536 005 20250203083523.0 008 040407s1979 it er 001|0 ita 035 $ab12764711-39ule_inst 035 $aARCHE-074434$9ExL 040 $aDip.to Scienze Storiche$bita$cA.t.i. Arché s.c.r.l. Pandora Sicilia s.r.l.$dSocioculturale Scs 082 04$a261.7094$223 100 1 $aPellegrino, Bruno$0139682 245 10$aChiesa e rivoluzione unitaria nel Mezzogiorno :$bl'episcopato meridionale dall'assolutismo borbonico allo Stato borghese (1860-1861) /$cBruno Pellegrino 260 $aRoma :$bEdizioni di storia e letteratura,$c1979 300 $a217 p. ;$c26 cm 490 1 $aBiblioteca di storia sociale ;$v10 651 4$aItalia meridionale$xPolitica ecclesiastica$ySec. 19. 830 0$aBiblioteca di storia sociale ;$v10 907 $a.b12764711$b02-04-14$c16-04-04 912 $a991001401649707536 945 $aLE009 STOR.62-133$g1$i2009000208643$lle009$o-$pE0.00$q-$rn$so$t0$u0$v0$w0$x0$y.i13306078$z16-04-04 996 $aChiesa e rivoluzione unitaria nel Mezzogiorno$925894 997 $aUNISALENTO 998 $ale009$b16-04-04$cm$da$e-$fita$git$h0$i1